Truyện và nghiệp võ - Quyền anh

Giới thiệu những mẫu chuyện về quyền anh cùng những hướng dẫn đầy đủ, cụ thể về quyền anh nghiệp dư, từ tập luyện cơ bản đến nâng cao kỹ chiến thuật và các vấn đề trong thi đấu quyền anh

محفوظ في:
التفاصيل البيبلوغرافية
المؤلف الرئيسي: Vũ Ngọc Tâm (Tác giả)
التنسيق: كتاب
اللغة:Vietnamese
منشور في: H. Nxb. Hà Nội 2002
الموضوعات:
الوسوم: إضافة وسم
لا توجد وسوم, كن أول من يضع وسما على هذه التسجيلة!
Thư viện lưu trữ: Mạng thư viện Đại học Đà Nẵng
LEADER 01355nam a2200361 4500
001 000009420
003 5617
005 20111027141003.0
008 111027s2002 viesd
020 |c 27000đ 
041 0 |a vie 
082 |a 796.83  |b VU-T 
100 0 |a Vũ Ngọc Tâm  |e Tác giả 
245 0 |a Truyện và nghiệp võ - Quyền anh  |c Vũ Ngọc Tâm 
260 |a H.  |b Nxb. Hà Nội  |c 2002 
300 |a 313tr : hình vẽ  |c 21 cm 
520 |a Giới thiệu những mẫu chuyện về quyền anh cùng những hướng dẫn đầy đủ, cụ thể về quyền anh nghiệp dư, từ tập luyện cơ bản đến nâng cao kỹ chiến thuật và các vấn đề trong thi đấu quyền anh 
653 |a Quyền anh 
653 |a Truyện ngắn 
653 |a Võ thuật 
653 |a Việt Nam 
700 |a Vũ Ngọc Tâm  |e Tác giả 
910 |a duyên 
OWN |a LSP 
AVA |a UDN50  |b LSP  |d 796.83 VU-T  |e available  |t Error 5001 Not defined in file expand_doc_bib_avail.  |f 5  |g 0  |h N  |i 0  |k 1 
999 |a From the UDN01 
AVA |a UDN50  |b LSP  |d 796.83 VU-T  |e available  |t Error 5001 Not defined in file expand_doc_bib_avail.  |f 5  |g 0  |h N  |i 0  |k 1 
TYP |a Monograph 
TYP |a Printed language 
980 |a Mạng thư viện Đại học Đà Nẵng